Normal view
MARC view
Entry Topical Term
001 - CONTROL NUMBER
- control field: 43871
003 - CONTROL NUMBER IDENTIFIER
- control field: ARRUPE
005 - DATE AND TIME OF LATEST TRANSACTION
- control field: 20190108111612.0
008 - FIXED-LENGTH DATA ELEMENTS
- fixed length control field: 190108|| aca||aabn | a|a d
040 ## - CATALOGING SOURCE
- Original cataloging agency: ARRUPE
- Transcribing agency: ARRUPE
150 ## - HEADING--TOPICAL TERM
- Topical term or geographic name as entry element: Counselling and its law
670 ## - SOURCE DATA FOUND
- Source citation: Work cat.: (ARRUPE)0: Chansonso, Chanda Norman. 43870, Counselling in a police setting :, 2003.